{"text_format":"2","workbook":"xlsx","n_sheets":4,"sheets":["Resumo","Brigadista 12X36 Diurno","Uniformes","Materiais e Equipamentos"],"not_rendered":{"charts":0,"images":0,"macros":0,"external_links":0,"defined_names":2,"comments":0,"pivot_tables":0},"unopened":[],"bounds":{"document_bytes":16777216,"sheet_cells":100000,"run_cost":"one","rows_first":2000,"rows_last":500,"rows_between":2000,"halvings":0,"cell_chars":16384,"cell_head_chars":4096},"cells_cut":0,"cells_raw":0,"read":"whole","date_system":"1900"}

{"sheet":"Resumo","index":0,"n_rows":8,"n_cols":10,"rows_kept":8,"cut":false,"hidden":false,"merged":[[0,1,0,9],[1,1,1,9],[2,1,2,9],[7,1,7,8]]}
[]
[null,"RESUMO -  VALOR TOTAL UNITARIO E GLOBAL DO CONTRATO"]
[]
[null,"Item","Cargo","Qtd por Posto","Valor por Empregado","Qtd de Postos","Qtde Meses","Valor  Mensal por Posto","Valor Total Mensal ","Valor Total Anual"]
[null,1,"Bombeiro Civil 12 x 36 Diurno",8,{"$f":"'Brigadista 12X36 Diurno'!C94","v":11154.251253552055},1,12,{"$f":"E5*D5","v":89234.010028416436},{"$f":"H5*F5","v":89234.010028416436},{"$f":"I5*G5","v":1070808.1203409974}]
[{"$nulls":5},{"$f":"SUM(F5)","v":1},null,null,{"$f":"SUM(I5:I5)","v":89234.010028416436},{"$f":"SUM(J5:J5)","v":1070808.1203409974}]
[]
[null,"VALOR TOTAL GLOBAL DA PROPOSTA",{"$nulls":7},{"$f":"J6","v":1070808.1203409974}]

{"sheet":"Brigadista 12X36 Diurno","index":1,"n_rows":94,"n_cols":7,"rows_kept":94,"cut":false,"hidden":false,"merged":[[5,0,5,3],[0,0,0,3],[1,0,1,3],[2,0,2,3],[3,0,3,3],[4,0,4,3],[21,0,21,1],[6,2,6,3],[7,2,7,3],[8,2,8,3],[9,2,9,3],[10,0,10,3],[11,2,11,3],[12,2,12,3],[13,2,13,3],[14,2,14,3],[15,2,15,3],[16,0,16,3],[76,0,76,3],[22,0,22,3],[32,0,32,1],[37,0,37,1],[41,0,41,1],[52,0,52,1],[56,0,56,1],[61,0,61,1],[62,0,62,1],[71,0,71,1],[72,0,72,3],[75,0,75,1],[93,0,93,1],[79,0,79,1],[84,0,84,1],[85,0,85,1],[86,0,86,3],[87,0,87,1],[87,2,87,3],[90,2,90,3],[88,2,88,3],[89,2,89,3],[91,2,91,3],[92,2,92,3]]}
["POSTO: BRIGADISTA DIURNO 12 X36 \nESCALA: DE SEGUNDA A DOMINGO"]
["Planilha de Proposta de Preço"]
["Processo nº:"]
["Pregão Eletrônico nº:"]
["Data da abertura:"]
["DESCRIMINAÇÃO DOS SERVIÇOS"]
["A","Data da Apresentação da Proposta"]
["B","Município/UF","Brasília/DF"]
["C","Ano Acordo, Convenção Coletiva ou Sentença Normativa em Dissídio Coletivo.","SINDBOMBEIROS/DF 2024\nREGISTRO NO MTE: DF000184/2024"]
["D","N° de meses de execução contratual","12 meses"]
["IDENTIFICAÇÃO DOS SERVIÇOS"]
[1,"Tipo de Serviço","Brigada de Incêndio"]
[2,"Salário normativo da categoria profissional",3669.27]
[3,"Categoria profissional","Bombeiro Civil"]
[4,"Classificação Brasileira de Ocupações (CBO)","5171-10"]
[5,"Data base da categoria","2024-01-01"]
["MÓDULO 1:COMPOSIÇÃO DA REMUNERAÇÃO"]
[1,"Composição da Remuneração","%","Valor (R$)"]
["A","Salário Base da Categoria",1,{"$f":"C13","v":3669.27}]
["B","Adicional de Periculosidade",0.3,{"$f":"D19*C20","v":1100.7809999999999}]
["C","Adicional noturno ",0,{"$f":"(D19+D20)*C21","v":0}]
["TOTAL DA REMUNERAÇÃO",null,{"$f":"SUM(C19:C21)","v":1.3},{"$f":"SUM(D19:D21)","v":4770.0509999999995}]
["MÓDULO 2: BENEFICIOS MENSAIS E DIÁRIOS"]
["2.1","GPS, FGTS e outras contribuições ","%","Valor (R$)"]
[null,"INSS",0.2,{"$f":"$D$22*C25","v":954.01019999999994}]
[null,"FGTS",0.08,{"$f":"$D$22*C26","v":381.60407999999995}]
[null,"SESC OU SESI",1.4999999999999999E-2,71.550764999999984]
[null,"SENAI-SENAC",0.01,47.700509999999994]
[null,"SEBRAE",6.0000000000000001E-3,28.620305999999996]
[null,"INCRA",2E-3,9.5401019999999992]
[null,"Salário Educação",2.5000000000000001E-2,119.25127499999999]
[null,"SAT",3.49E-2,166.47477989999999]
["TOTAL",null,{"$f":"SUM(C25:C32)","v":0.37290000000000006},{"$f":"SUM(D25:D32)","v":1778.7520178999996}]
["2.2","Ausencias Legais","%","Valor (R$)"]
[null,"Reposição de Férias Gozadas",7.2900000000000006E-2,{"$f":"$D$22*C35","v":347.73671789999997}]
[null,"Reposição de Faltas e Ausências",3.78E-2,{"$f":"$D$22*C36","v":180.30792779999999}]
[null,"Reposição de Afastamentos por Doenças e Acidentes",1.1999999999999999E-3,5.7240611999999986]
["TOTAL",null,{"$f":"SUM(C35:C37)","v":0.11190000000000001},{"$f":"SUM(D35:D37)","v":533.76870689999998}]
["2.3","13º Salário, Férias e Adicional de Férias ","%","Valor (R$)"]
[null,"13° Salário",8.3299999999999999E-2,{"$f":"$D$22*C40","v":397.34524829999998}]
[null,"Adicional de Férias",2.3800000000000002E-2,{"$f":"$D$22*C41","v":113.5272138}]
["TOTAL",null,{"$f":"SUM(C40:C41)","v":0.1071},{"$f":"SUM(D40:D41)","v":510.87246210000001}]
["2.4","Provisão para Rescisão e Indenizações","%","Valor (R$)"]
[null,"Aviso Prévio Indenizado",1.2800000000000001E-2,{"$f":"$D$22*C44","v":61.056652799999995}]
[null,"Aviso Prévio Complementar",8.3000000000000001E-3,{"$f":"$D$22*C45","v":39.591423299999995}]
[null,"Reflexos sobre os Avisos Prévios Indenizados",4.1000000000000003E-3,19.557209099999998]
[null,"FGTS Sobre Aviso Prévio Indenizado e Complementar",1.8E-3,8.5860917999999984]
[null,"Aviso Prévio Trabalhado",1.6000000000000001E-3,7.6320815999999994]
[null,"Encargos Sobre Aviso Prévio Trabalhado",5.9999999999999995E-4,2.8620305999999993]
[null,"Multa do FGTS",3.2000000000000001E-2,152.64163199999999]
[null,"Férias Indenizadsas",1.67E-2,79.65985169999999]
[null,"Adicional sobre Férias Indenizadas",5.5999999999999999E-3,26.712285599999998]
["TOTAL",null,{"$f":"SUM(C44:C52)","v":8.3499999999999991E-2},{"$f":"SUM(D44:D52)","v":398.29925849999995}]
["2.5","Direitos sobre o Abono Pecuniário ","%","Valor (R$)"]
[null,"Abono Pecuniário",5.1999999999999998E-3,{"$f":"$D$22*C55","v":24.804265199999996}]
[null,"1\\3 Constitucional do Abono Pecuniário",1.6999999999999999E-3,8.1090866999999989]
["TOTAL",null,{"$f":"SUM(C55:C56)","v":6.8999999999999999E-3},{"$f":"SUM(D55:D56)","v":32.913351899999995}]
["2.6","Custos decorrentes das incidências ","%","Valor (R$)"]
[null,"Incidência Grupo \"A\" Sobre os Grupos \"B\" e \"C\"",8.7400000000000005E-2,{"$f":"$D$22*C59","v":416.9024574}]
[null,"FGTS sobre Aviso Prévio Indenizado",2.3999999999999998E-3,11.448122399999997]
[null,"Incidência sobre Salário Maternidade",5.0000000000000001E-4,2.3850254999999998]
["TOTAL",null,{"$f":"SUM(C59:C61)","v":9.0300000000000005E-2},{"$f":"SUM(D59:D61)","v":430.73560529999997}]
["TOTAL DOS ENCARGOS SOCIAIS",null,{"$f":"C62+C57+C53+C42+C38+C33","v":0.77260000000000006},3685.3414026,null,{"$f":"D22*0.7726","v":3685.3414025999996}]
["2.3","Benefícios Mensais e Diários",null,"Valor (R$)",null,null,"OBSERVAÇÕES:"]
["A","Transporte",null,0,null,null,"CCT 2024"]
["B","Auxílio Refeição/Alimentação",null,{"$f":"43.32*13.58","v":588.28560000000004},{"$f":"45.23","v":45.23},null,"AUXÍLIO ALIMENTAÇÃO"]
["C","Plano de Saúde",null,184.55,184.55,"MENSAL POR FUNCIONARIOS","CLÁUSULA DÉCIMA SEGUNDA - AUXÍLIO ALIMENTAÇÃO"]
["D","Fundo social odontológico",null,12.81,12.81,"MENSAL POR FUNCIONARIOS","As empresas ficam obrigadas a conceder a seus empregados o auxílio alimentação no valor de R$ 45,23 (quarenta e cinco reais e vinte e três centavos) e a estes a cada 30 (trinta) e de uma única vez, pelos dias efetivamente trabalhados, independente da carga horária."]
["E","Auxilio Morte/Funeral",null,15.02,15.02,"MENSAL POR FUNCIONARIOS"]
["F","Seguro de Vida",null,0,null,null,"AUXÍLIO SAÚDE CLÁUSULA DÉCIMA QUARTA - PLANO AMBULATORIAL"]
["G","Auxilio Lazer Cultura",null,28.33,28.33,"MENSAL POR FUNCIONARIOS","Fica estipulado que para todos os contratos será obrigatório, por parte das empresas, a cotação em suas planilhas de custo, o plano ambulatorial no valor de R$ 184,55 (cento e oitenta e quatro reais e cinquenta e cinco centavos), unicamente por empregado envolvido e diretamente ativado na execução dos serviços, limitado ao quantitativo de profissionais contratados pelo tomador dos serviços"]
["TOTAL",null,null,{"$f":"SUM(D65:D71)","v":828.99560000000008},null,null,"Parágrafo Terceiro – Os sindicatos, profissional e da categoria econômica, ingressarão, em conjunto ou separadamente, com impugnação aos editais que não prevejam a cotação do plano ambulatorial, visando assim à implantação e manutenção da presente cláusula."]
["MÓDULO 5: INSUMOS DIVERSOS"]
["A","Uniformes",null,{"$f":"Uniformes!H12","v":229.69222222222223}]
["B","Materiais e equipamentos",null,{"$f":"'Materiais e Equipamentos'!I69","v":164.22888888888889}]
["TOTAL",null,null,{"$f":"SUM(D74:D75)","v":393.92111111111114}]
["MÓDULO 6:CUSTOS INDIRETOS, LUCROS E TRIBUTOS"]
["A","Custos Indiretos (administração) ",3.4799999999999998E-2,{"$f":"($D$22+$D$63+$D$72+$D$76)*C78","v":336.8051571571466}]
["B","Lucros",3.1199999999999999E-2,{"$f":"($D$22+$D$63+$D$72+$D$76)*C79","v":301.9632443477866}]
["SUBTOTAL (A+B)",null,{"$f":"SUM(C78:C79)","v":6.6000000000000003E-2},{"$f":"SUM(D78:D79)","v":638.76840150493319}]
["C","Tributos"]
["C.1","PIS",6.4999999999999997E-3,{"$f":"($D$22+$D$63+$D$72+$D$76)*C82","v":62.909009239122213}]
["C.2","COFINS",0.03,{"$f":"($D$22+$D$63+$D$72+$D$76)*C83","v":290.34927341133329}]
["C.3","ISS",0.05,{"$f":"($D$22+$D$63+$D$72+$D$76)*C84","v":483.91545568555551}]
["SUBTOTAL (C.1+C.2+C.3)",null,{"$f":"SUM(C82:C84)","v":8.6499999999999994E-2},{"$f":"SUM(D82:D84)","v":837.17373833601096}]
["TOTAL",null,null,{"$f":"D80+D85","v":1475.942139840944}]
["QUADRO RESUMO: CUSTO POR EMPREGADO"]
["MÃO DE OBRA VINCULADA À EXECUÇÃO CONTRATUAL",null,"Valor (R$)"]
["A","COMPOSIÇÃO DA REMUNERAÇÃO",{"$f":"D22","v":4770.0509999999995}]
["B","TOTAL DOS ENCARGOS SOCIAIS",{"$f":"D63","v":3685.3414026}]
["C","BENEFÍCIOS MENSAIS E DIÁRIOS",{"$f":"D72","v":828.99560000000008}]
["D","INSUMOS DIVERSOS",{"$f":"D76","v":393.92111111111114}]
["E","CUSTOS INDIRETOS, LUCROS E TRIBUTOS",{"$f":"D86","v":1475.942139840944}]
["TOTAL",null,{"$f":"SUM(C89:C93)","v":11154.251253552055}]

{"sheet":"Uniformes","index":2,"n_rows":12,"n_cols":9,"rows_kept":12,"cut":false,"hidden":false,"merged":[[10,0,10,6],[11,0,11,6],[0,0,1,7]]}
["PLANILHA DE PESQUISA DE PREÇOS \nDetalhamento do custo do Uniforme"]
[]
["UNIFORME","MATERIAL","QTD. Ano","COTAÇÃO 1","COTAÇÃO 2","COTAÇÃO 3","Codevasf - Preço Unitário","Codevasf - Custo Total"]
["Gandola","Padrão aprovado pelo Corpo de Bombeiros Militar",4,217,187.21,179.9,{"$f":"(+F4+E4+D4)/3","v":194.70333333333335},{"$f":"G4*C4","v":778.81333333333339}]
["Calça","Padrão aprovado pelo Corpo de Bombeiros Militar",4,183,169,167,{"$f":"(+F5+E5+D5)/3","v":173},{"$f":"G5*C5","v":692}]
["Blusão de frio","Padrão aprovado pelo Corpo de Bombeiros Militar",1,266,291,297.5,284.83333333333331,284.83333333333331]
["Cinto","Confeccionado em poliéster, com fivela e ponteira prata",2,24.9,14.9,13.9,17.900000000000002,35.800000000000004]
["Camiseta","100% Algodão",8,24.99,59.99,30.9,38.626666666666665,309.01333333333332]
["Coturno (par)","Cabedal em couro nobuk hidrofugado, espessura de 2mm, dublado com tecido de poliéster e colarinho de couro pelica; forração interna de acrílico automotivo, com isolamento térmico em EVA; reforço interno de material termoplástico leve e resistente, no bico e calcanhar; solado de borracha maciço, vulcanizado ao cabedal, resistente à corrente elétrica; Vedação resistente à água ou 100% impermeável.",2,174.97,259.5,369.9,268.12333333333333,536.24666666666667]
["Meias (par)","Confeccionado em algodão e lycra",4,24.9,28.41,28.41,29.9,119.6]
["Custo Anual do uniforme para um profissional",{"$nulls":6},{"$f":"SUM(H4:H10)","v":2756.3066666666668},{"$f":"H11*8","v":22050.453333333335}]
["Custo Mensal do uniforme para um profissional",{"$nulls":6},{"$f":"H11/12","v":229.69222222222223},{"$f":"H12*8","v":1837.5377777777778}]

{"sheet":"Materiais e Equipamentos","index":3,"n_rows":69,"n_cols":9,"rows_kept":69,"cut":false,"hidden":false,"merged":[[0,0,0,8],[17,0,17,7],[20,0,20,8],[66,0,66,7],[15,8,16,8],[64,8,65,8],[15,0,16,7],[64,0,65,7]]}
["PLANILHA DE PESQUISA DE PREÇOS \n MATERIAIS E EQUIPAMENTOS PARA SALVAMENTO"]
["Item","Descrição","Unidade de Fornecimento","QTD Total","COTAÇÃO 1","COTAÇÃO 2","COTAÇÃO 3","Preço Unit.   CODEVASF","Preço Total  Codevasf"]
[1,"Alicate bico meia cana 6 polegadas","Und",2,25,19.5,26.9,{"$f":"(E3+F3+G3)/3","v":23.8},{"$f":"H3*D3","v":47.6}]
[2,"Alicate corte diagonal 6 polegadas","Und",2,23.64,25.13,30.81,{"$f":"(E4+F4+G4)/3","v":26.526666666666667},53.053333333333335]
[3,"Alicate universal 8 polegadas","Und",2,28.69,47.9,48.7,41.763333333333335,83.526666666666671]
[4,"Arco de serra fixo de 12'' com lâmina","Und",2,43.4,55.76,42.58,47.24666666666667,94.493333333333339]
[5,"Chave de fenda teste, com \"neon\", de 100 a 500 volts","Und",2,29.9,18.899999999999999,16.54,21.78,43.56]
[6,"Chaves de fenda: 1/8 x 4'', 3/16 x 4' e 1,4 x 5''","Jogo",2,17.920000000000002,9.7200000000000006,17.920000000000002,15.186666666666667,30.373333333333335]
[7,"Chaves Philips: 1/4 x 4'', 1/4 x 6'', 1/8 x 3'' e 3/16 x 3''","Jogo",2,18.29,9.41,9.6,12.433333333333332,24.866666666666664]
[8,"Facão de 18'', em aço carbono, com cabo em polipropileno","Und",2,26.9,27.59,27.56,27.349999999999998,54.699999999999996]
[9,"Machado para bombeiro, com cabeça chata,cunha de ferro cortante e cabo de madeira","Und",2,59.32,75.2,81.099999999999994,71.873333333333335,143.74666666666667]
[10,"Marreta de 5kg, com base polida, cabo curto de madeira fixado com cunhas metálicas","Und",2,155,130.79,137.35,141.04666666666665,282.09333333333331]
[11,"Martelo de aço com cabo e madeira e mínio de 250mm de comprimento","Und",2,39.75,33.85,36.81,36.803333333333335,73.606666666666669]
[12,"Pé de cabra 3/4'' x 80cm","Und",2,89.49,81.680000000000007,62.79,77.986666666666665,155.97333333333333]
[13,"Talhadeira em aço especial com empunhadura","Und",2,42.9,25.99,24.89,31.26,62.52]
["VALOR TOTAL ANUAL",{"$nulls":7},{"$f":"SUM(I3:I15)","v":1150.1133333333332}]
[]
["CUSTO MENSAL POR FUNCIONÁRIO (VALOR MENSAL / 08/12)",{"$nulls":7},{"$f":"I16/8/12","v":11.980347222222221}]
[]
[]
["MATERIAS E EQUIPAMENTOS \nPARA O SOCORRISTA DO CAMPO DE TREINAMENTO"]
["Item","Descrição","Unidade de Fornecimento","QTD Total","COTAÇÃO 1","COTAÇÃO 2","COTAÇÃO 3","Preço Unit.   CODEVASF","Preço Total  Codevasf"]
[1,"ÁGUA OXIGENADA 10 volumes embalada em frascos de plástico de 200ml","Und",2,12.46,3.21,7.5,{"$f":"(E23+F23+G23)/3","v":7.7233333333333336},{"$f":"H23*D23","v":15.446666666666667}]
[2,"ÁLCOOL (70% - litro)","Und",4,12.79,11.9,7.3,{"$f":"(E24+F24+G24)/3","v":10.663333333333332},{"$f":"H24*D24","v":42.653333333333329}]
[3,"ÁLCOOL IODADO para superfícies fixas, antissepsia da pele em procedimentos de médio e baixo risco, embalado em frascos plásticos de 500ml","Und",2,33.9,24.9,29.9,29.566666666666663,59.133333333333326]
[4,"ALGODÃO BOLAS (50g)","Und",10,5.5,5.37,3.9,4.9233333333333338,49.233333333333334]
[5,"ATADURA CREPE 10cm de largura, 1,80m.","Und",10,3.11,0.33,4.49,2.6433333333333331,26.43333333333333]
[6,"ATADURA CREPE 20cm de largura, 1,80m.","Und",10,2.4700000000000002,2.2999999999999998,2.81,2.5266666666666668,25.266666666666669]
[7,"BANDAGENS TRIANGULARES (142 cm x 100 cm x 100\ncm)","Und",5,21,20.9,19.899999999999999,20.599999999999998,102.99999999999999]
[8,"CAIXA DE PRIMEIROS SOCORROS","Und",2,38.9,38.86,37.25,38.336666666666666,76.673333333333332]
[9,"COBERTOR/LENÇOL TÉRMICO DE EMERGÊNCIA","Und",15,33.090000000000003,21.2,29.9,28.063333333333333,420.95]
[10,"Colar cervical 4x1 em polietileno de alta densidade, com espessura mínima de 1,5mm, revestido em espuma macia tipo \"E.V.A\", fecho em velcro de 05mm em um dos lados, abertura frontal que permite a palpação do pulso carotídeo e acesso a traqueia, botões em plástico resistente, possibilita rádio-transparência, tamanho universal.","Und",2,314.83,312.55,246.5,291.29333333333335,582.5866666666667]
[11,"Colete de imobilização dorsal tipo KED, em nylon, para imobilização desde a cabeça até a região do coccix, com 3 (três) tirantes em cores diferentes para imbilização do tronco e outros 02 (dois) tirantes para fixação dos membros inferiores, regulagem para fixação da tesa e queixo, almofada para apoio da cabeça, todos com engate rápido, acondicionado em sacola de nylon.","Und",2,47.9,86.24,49.99,61.376666666666665,122.75333333333333]
[12,"COMPRESSAS DE GAZE ESTERILIZADAS (10 cm x 15 cm) – pacote com 10 unidades","Und",20,3.46,2.85,2.74,3.0166666666666671,60.333333333333343]
[13,"CURATIVO ADESIVO protetor retangular (caixa com 40)","Und",5,6.9,6.9,6.85,6.8833333333333329,34.416666666666664]
[14,"ESPARADRAPO IMPERMEÁVEL 10cmx4,5m.","Und",4,21.9,20.79,15.69,19.459999999999997,77.839999999999989]
[15,"FITA ADESIVA (CREPE) 25mm x 50m","Und",1,13.9,10.59,9.81,11.433333333333335,11.433333333333335]
[16,"GAZE 8 DOBRAS 7,5cm X 7,5cm. 100 unidades cada pacote","Und",5,0.84,0.95,1.02,0.93666666666666665,4.6833333333333336]
[17,"Lençol Descartável Uso Hospitalar; Matéria Prima: 100% Fibra Celulose\nNatural; Dimensões: 50 Cm X 50 M; Apresentação 1: Em Rolo","Und",3,18.13,29.45,17.899999999999999,21.826666666666664,65.47999999999999]
[18,"LUVAS PROCEDIMENTO. Caixa com 50 unidades","Und",3,21.34,17.989999999999998,18.07,19.133333333333333,57.4]
[19,"MACA DOBRÁVEL tipo maleta, leve, estrutura em alumínio polido, espuma de densidade D28, revestido em courvim com verniz, com duas alças e rodinhas para transporte, trava de segurança em todos os pés, capacidade de até 130 Kg (170Kg), dimensões: abeta: 1,80 mt 0,60 cm, altura 0,75cm em relação ao solo e dimensões fechadas de 0,90 cm x 0,60 cm.","Und",1,389,483,393.81,421.93666666666667,421.93666666666667]
[20,"MÁSCARA CIRÚRGICA (caixa com 50)","Und",2,13.99,17.989999999999998,16.07,16.016666666666666,32.033333333333331]
[21,"MÁSCARA RCP DESCARTÁVEL (unidade)","Und",10,7.36,7.38,10.67,8.4700000000000006,84.7]
[22,"MONITOR DE PRESSÃO ARTERIAL e batimentos cardíacos, ajuste da insuflação automático, de braço, digital, com braçadeira pequena e grande, indicador de nível de carga de bateria, data e hora, memória, visor de cristal líquido.","Und",2,80.14,222.18,159.99,154.10333333333332,308.20666666666665]
[23,"PINÇA DISSECÇÃO 16cm, sem dente","Und",2,20.329999999999998,40,24.99,28.439999999999998,56.879999999999995]
[24,"PRANCHA longa de madeira ou material similar resistência (190cm x 45cm) com imobilizador lateral de cabeça confeccionado em espuma injetada e com tirantes para fixação da testa e queixo","Und",2,537,762.59,689,662.86333333333334,1325.7266666666667]
[25,"PROTETOR DE QUEIMADURAS E EVISCERAÇÕES","Und",5,15,8.15,14.9,12.683333333333332,63.416666666666657]
[26,"SOLUÇÃO FISIOLÓGICA 250ml","Und",4,7.31,8.8699999999999992,10.4,8.86,35.44]
[27,"TALA moldável grande (86cmx10x2)","Und",3,15.54,16.399999999999999,39.5,23.813333333333333,71.44]
[28,"TALA moldável média (63cmx9x2)","Und",3,14.78,15.8,20.75,17.11,51.33]
[29,"TALA moldável pequena (30cmx8x2)","Und",3,11.61,10.52,9.2200000000000006,10.450000000000001,31.35]
[30,"TERMÔMETRO clínico digital com no mínimo, aviso sonoro, visor de temperatura com 03 (três) dígitos, ponta flexível, desligamento automático, dimensões: 2cmx13cmx1cm (PxLxD), bateria substituível, erro máximo: 0,2ºC, 1 pilha LR41 de 1,5V","Und",2,18.899999999999999,19.59,22,20.16333333333333,40.326666666666661]
[31,"TESOURA de ponta romba especial para APH, destinado ao corte de roupas. Com lâminas ponta romba e com corte liso. A segunda lâmina contem apoio para corte semicircular e corte micro-serrilhado.","Und",2,36.9,41.34,50,42.74666666666667,85.493333333333339]
[32,"PADIOLA dobrável no padrão (1,90m x 0,60m) com três cintos para afixar a vítima, confeccionada com material de alta qualidade com resistência mínima de 150 kg, em lona impermeável.","Und",1,1154.3,1480,1080,{"$f":"(E54+F54+G54)/3","v":1238.1000000000001},1238.1000000000001]
[33,"BOLSA TÉRMICA de gel para uso quente ou gelado. 25 cm x 14 cm.","Und",2,10.9,26,15.89,17.596666666666668,35.193333333333335]
[34,"CABO DE RESGATE com 100m de extensão, de 11,5 mm de diâmetro, de poliamida, para trabalho leve (resgate) do tipo A, com carga de ruptura mínima de 3.200 kg.","Und",2,444,439.8,null,294.59999999999997,589.19999999999993]
[35,"CADEIRA DE RODAS em aço tubular, estrutura dobrável em x, apoio de braços escomoteáveis e injetados, apoio de pernas elevável e rebatível lateralmente, freios bilaterais, rodas traseiras de 24\", dianteiras de 6\", com rolamentos, estofamento em courvim ou nylon impermeável, pintura epoxi e capacidade para 160 Kg.","Und",1,956.25,1022.1,1165.9000000000001,1048.0833333333333,1048.0833333333333]
[36,"CAPACETE DE SEGURANÇA com catraca e jugular Tipo III.","Und",12,67.56,68.900000000000006,48.85,61.77,741.24]
[37,"EQUIPAMENTO DE RADIOCOMUNICAÇÃO de boa qualidade de recepção/transmissão, inclusive em subsolos, sem necessidade de licença da ANATEL, compostos por rádio, bateria recarregável, carregadores e baterias sobressalentes. \nEquipamento deve ser compativel com o equipamento de radiocomunicação da equipe de Vigilância.","Und",7,89,99.96,129.77000000000001,106.24333333333334,743.70333333333338]
[38,"FITA ZEBRADA para isolamento (48mm x 14m)","Und",10,22.51,18.899999999999999,12.49,17.966666666666665,{"$f":"H60*D60","v":179.66666666666666}]
[39,"LANTERNA DE MÃO com fonte recarregável.","Und",7,109.99,48.58,65.900000000000006,74.823333333333338,523.76333333333332]
[40,"LUVAS para combate a incêndio - pares","Und",12,138.71,147.55000000000001,658.19,314.81666666666666,3777.8]
[41,"MEGAFONE com potência de no mínimo 35W, alimentação com bateria de 12v, alcance de no mínimo 600m, peso de 2,5Kg, com manopla e alça de carregamento","Und",2,75,74.989999999999995,99.18,83.056666666666672,166.11333333333334]
[42,"POCHETE confeccionada em tecido nylon, com duas divisórias para colocar tesoura, luvas, RCP, gaze e atadura.","Und",12,60.83,163.9,57.52,94.083333333333329,1129]
["VALOR TOTAL ANUAL",{"$nulls":7},{"$f":"SUM(I23:I64)","v":14615.859999999999}]
[]
["CUSTO MENSAL POR FUNCIONÁRIO (VALOR MENSAL / 08/12)",{"$nulls":7},{"$f":"I65/8/12","v":152.24854166666665}]
[{"$nulls":8},{"$f":"I16+I65","v":15765.973333333332}]
[{"$nulls":7},"TOTAL GERAL",{"$f":"I18+I67","v":164.22888888888889}]